Statistics for US State Quizzes - Virginia

Click here to take the quiz!

General Stats

  • This quiz has been taken 8 times
  • The average score is 9 of 13

Answer Stats

HintAnswer% Correct
Famous Virginian military commander and first president of the United StatesGeorge Washington
100%
The first permanent English colony in the New WorldJamestown
100%
Most famous Confederate military commander and slaveownerRobert E. Lee
100%
Powhatan woman who married John RolfePocahontas
86%
Current capital of VirginiaRichmond
86%
Second most famous Confederate general officerThomas "Stonewall" Jackson
86%
"Virgin Queen" whom the state is named afterElizabeth I
71%
The above's plantation home on the banks of the Potomac RiverMount Vernon
71%
State that seceded from Virginia in 1863West Virginia
71%
Colonial capital city of the commonwealthWilliamsburg
71%
Renowned tennis player, born and raised in aboveArthur Ashe
57%
African-American woman whose cells were the first to be "immortalized"Henrietta Lacks
29%
Renowned university located within the aboveCollege of William & Mary
14%

Score Distribution

Percentile by Number Answered

Percent of People with Each Score

Your Score History

You have not taken this quiz